U.S. States by Number of Cities Over 100,000 People! - Statistics

General Stats
  • This quiz has been taken 49 times
  • The average score is 14 of 15
Answer Stats
Hint Answer % Correct
19 New York
100%
76 California
98%
29 Florida
98%
31 Texas
98%
9 Arizona
93%
15 Illinois
93%
9 North Carolina
93%
14 Ohio
93%
10 Pennsylvania
91%
7 Washington
91%
10 Georgia
86%
8 Michigan
86%
7 New Jersey
86%
7 Virginia
84%
7 Tennessee
81%
No matching quizzes found
Score Distribution
Percent of People with Each Score
Percentile by Number Answered
Your Score History
You have not taken this quiz